Emerging Technologies for Effective Management (Record no. 13281)

MARC details
000 -LEADER
fixed length control field 00416nam a22001697a 4500
003 - CONTROL NUMBER IDENTIFIER
control field OSt
008 - FIXED-LENGTH DATA ELEMENTS--GENERAL INFORMATION
fixed length control field 250411b |||||||| |||| 00| 0 eng d
020 ## - INTERNATIONAL STANDARD BOOK NUMBER
International Standard Book Number 9789355735546
082 ## - DEWEY DECIMAL CLASSIFICATION NUMBER
Classification number 658.4038 DUE
100 ## - MAIN ENTRY--PERSONAL NAME
Personal name DUBEY,Rahul
245 ## - TITLE STATEMENT
Title Emerging Technologies for Effective Management
250 ## - EDITION STATEMENT
Edition statement -
260 ## - PUBLICATION, DISTRIBUTION, ETC. (IMPRINT)
Place of publication, distribution, etc New Delhi
Name of publisher, distributor, etc Cengage
Date of publication, distribution, etc 2024
300 ## - PHYSICAL DESCRIPTION
Extent MISC
650 ## - SUBJECT ADDED ENTRY--TOPICAL TERM
Topical term or geographic name as entry element Emerging Technologies
942 ## - ADDED ENTRY ELEMENTS (KOHA)
Source of classification or shelving scheme Dewey Decimal Classification
Koha item type Text Books
Holdings
Withdrawn status Lost status Source of classification or shelving scheme Damaged status Not for loan Collection code Home library Current library Date acquired Source of acquisition Currency Cost, normal purchase price Bill Number Total Checkouts Full call number Acc. no. / Barcode Date last seen Actual Cost, discounted price Bill Date Koha item type
    Dewey Decimal Classification     MCA PIET C-LIBRARY PIET C-LIBRARY 04/04/2025 Zaffa Books INR 425.00 ZBD0013   658.4038 DUE 39044 11/04/2025 306.00 04/04/2025 Reference Books
    Dewey Decimal Classification     MCA PIET C-LIBRARY PIET C-LIBRARY 04/04/2025 Zaffa Books INR 425.00 ZBD0013   658.4038 DUE 39045 11/04/2025 306.00 04/04/2025 Text Books
    Dewey Decimal Classification     MCA PIET C-LIBRARY PIET C-LIBRARY 04/04/2025 Zaffa Books INR 425.00 ZBD0013   658.4038 DUE 39046 11/04/2025 306.00 04/04/2025 Text Books
    Dewey Decimal Classification     MCA PIET C-LIBRARY PIET C-LIBRARY 04/04/2025 Zaffa Books INR 425.00 ZBD0013   658.4038 DUE 39047 11/04/2025 306.00 04/04/2025 Text Books
    Dewey Decimal Classification     MCA PIET C-LIBRARY PIET C-LIBRARY 04/04/2025 Zaffa Books INR 425.00 ZBD0013   658.4038 DUE 39048 11/04/2025 306.00 04/04/2025 Text Books

Design & Developed by: PIET Central Library
R70 Miles Stone Pattikalyana Samalkha Panipat 132102
mail ID :- [email protected], Phone No:- 0180-2569700 Ex.216